Khabib Nurmagomedov trivia - Statistics

General Stats
  • This quiz has been taken 54 times
  • The average score is 15 of 25
Answer Stats
Question Answer % Correct
What religion does he practice? Islam
100%
What country is he from? Russia
97%
What is his nickname The eagle
94%
What division did he compete in? Lightweight
88%
What is his favorite sport outside of mma Football/Soccer
85%
Who does he coach that is the ufc lightweight champion right now? Islam Makhachev
85%
What year did he retire? 2021
79%
What style of fighting does he have? Wrestling/Grappling
79%
How many kids does he have? 3
76%
Who was his first title defense to in 2018 where he had a cage brawl and a rivalry with? Conor McGregor
76%
Who else does he coach who is ranked in the top 5 of of the ufc bantamweight division? Umar Nurmagomedov
74%
What UFC hall of famer is he close friends with? Daniel cormier
65%
What is his cousins name that is the bellator lightweight champion Usman nurmagomedov
65%
Who was he supposed to fight 5 times that never came to fruition? Tony Ferguson
59%
Who was his final opponent that he fought at ufc 254 in abu dhabi that he submitted in the 2nd round? Justin gaethje
56%
Who did he face in 2019 for the undisputed championship in abu dhabi at ufc 242 where he submitted him in the 3rd round Dustin Poirier
53%
What UFC fighter did he dream to fight? George st pierre
47%
What american gym did he train in? American kickboxing academy
44%
What is the name of his manager? Ali Abdelaziz
41%
Who did he attack at ufc 229? Dillon Danis
35%
Who is his American coach? Javier Mendez
32%
What is his fathers name? Abdulmnap Nurmagomedov
24%
What opponent did he face to win the ufc lightweight championship? Al Iquinta
12%
What gym in russia did he train in? Abdulmnap school
9%
Whats the name of the thing he wore on his head? Papahaka
6%
No matching quizzes found
Score Distribution
Percent of People with Each Score
Percentile by Number Answered
Your Score History
You have not taken this quiz